000 01001cas a2200277 i 4500
001 000037555
005 20251120105624.0
007 ta
008 120425c1993 dr ur1p|d || |0spa d
040 _aDO-SdBNP
_bspa
_cBNPHU
_erda
041 _hspa
043 _anwdr
110 1 _aUniversidad Autónoma de Santo Domingo
_972951
_bFacultad de Humanidades.
_bInstituto de Historia
245 0 0 _aEcos.
264 _aSanto Domingo, República Dominicana :
_bInstituto de Historia (UASD),
_c1993.
300 _avolumen :
_bilustraciones, fotografías ;
_c29 cm.
310 _aIrregular.
336 _atexto
_btxt
_2rdacontent
337 _asin mediación
_bn
_2rdamedia
338 _avolumen
_bnc
_2rdacarrier
362 1 _aAño 1. no. 1(mar.1993).
500 _aCatalogación basada en: Año 1. no. 1(mar.1993).
650 0 _aHistoria
_vPublicaciones periódicas
_zRepública Dominicana
_979281
651 4 _aRepública Dominicana
_xHistoria
_vPublicaciones periódicas
_953568
942 _2ddc
_cISSUE
999 _c37045
_d37045